000 00736nam a2200217 a 4500
001 000042879
005 20201002040452.0
008 140211s1973 sp 000 0 spa d
020 _a8424933958
040 _aDO-SdBNP
_bspa
_cBNPHU
082 _axxx
_bC568c, 1973
100 1 _aCicerón, Marco Tulio
_970305
245 1 0 _aCatilinarias /
_cMarco Tulio Cicerón ; edición revisada por Francisco Campos Rodríguez.
250 _a4ª ed. rev.
260 _aMadrid :
_bGredos,
_c1973.
300 _a133 p. ;
_c19 cm.
490 1 _aTextos clásicos anotados
500 _aIncluye referencias bibliográficas y notas al pie de las páginas
700 1 2 _aCampos Rodríguez, Francisco
_970306
830 0 _aTextos clásicos anotados
_970307
999 _c42368
_d42368